|
|
|
|
| LEADER |
00897naa a2200325 a 4500 |
| 001 |
000081221 |
| 003 |
SVKKK |
| 005 |
20061106131210.0 |
| 008 |
030616c2005 xo e czeo |
| FMT |
|
|
|
| 038 |
|
|
|a SVKKK
|
| 040 |
|
|
|a SVKKK
|b slo
|e AACR2
|
| 041 |
0 |
|
|a cze
|b eng
|
| 044 |
|
|
|a xo
|c SK
|
| 080 |
|
|
|a 595.733(437.6)
|2 1997
|
| 090 |
|
|
|a IV.196141
|
| 100 |
1 |
|
|a David, Stanislav,
|d 1953-
|4 aut
|
| 245 |
1 |
0 |
|a Výsledky výzkumu vážek (Odonata) ve Slovenské republice
|c Stanislav David
|
| 300 |
|
|
|b Obr., tab.
|
| 504 |
|
|
|a Bibliogr. odkazy
|
| 504 |
|
|
|a Res. angl.
|
| 650 |
0 |
4 |
|a vážky (Odonata) (bot.)
|z Slovensko
|
| 773 |
0 |
|
|t Ochrana prírody
|d Banská Bystrica : Štátna ochrana prírody Slovenskej republiky, 2005
|z 80-89035-68-X
|g Č. 24 (2005), s. 168-187
|q 24
|
| 958 |
|
|
|a NB
|
| 974 |
|
|
|a Čr
|
| 992 |
|
|
|a RZB
|
| BAS |
|
|
|
| 852 |
|
|
|a SVKKK
|b BIB
|
| EXP |
|
|
|
| 998 |
|
|
|a SLO
|